| 000 | 00994nam a22002777a 4500 | ||
|---|---|---|---|
| 003 | EG-ScBUE | ||
| 005 | 20220303143307.0 | ||
| 008 | 200219s2019 ii a f 000 0 eng d | ||
| 020 | _a9789389447507 | ||
| 040 |
_aEG-ScBUE _beng _erda _cEG-ScBUE _dEG-ScBUE |
||
| 082 | 0 | 4 |
_222 _a620.00151535 _bGOD |
| 100 | 1 |
_aGodbole, P. N., _eauthor. |
|
| 245 | 1 | 0 |
_aIntroduction to finite element method / _cP. N. Godbole, professor of civil engineering (retired), Indian Institute of Technology, Roorkee. |
| 264 | 1 |
_aNew Delhi : _bI. K. International Pvt., _c2019. |
|
| 300 |
_axiv, 385 pages : _billustrations ; _c24 cm |
||
| 336 |
_2rdacontent _atext _btxt |
||
| 337 |
_2rdamedia _aunmediated _bn |
||
| 338 |
_2rdacarrier _avolume _bnc |
||
| 500 | _aIncludes index. | ||
| 650 | 7 |
_aCivil Engineering _xMechanical Engineering _vTextbook. _2BUEsh |
|
| 650 | 7 |
_aFinite element methods. _2BUEsh |
|
| 653 |
_bENGGEN _cMarch2022 |
||
| 655 |
_vReading book _934232 |
||
| 942 |
_2ddc _cBB |
||
| 999 |
_c29846 _d29817 |
||